| 000 | 00927nam a22003017a 4500 | ||
|---|---|---|---|
| 003 | CHAP | ||
| 005 | 20220329134726.0 | ||
| 008 | 971013s1976 r 00010 d | ||
| 010 | _a24862 | ||
| 011 | _a25834 | ||
| 035 | _a29934 | ||
| 040 | _cCHAP | ||
| 082 |
_a301 _bB7Y 1973 |
||
| 100 | 0 | 0 |
_aBroom, Leonard. _915583 |
| 245 | _aSociología ; un texto con lecturas adaptadas | ||
| 260 |
_aMéxico, D. F. : _bCECSA, _c1976 |
||
| 300 |
_a810 p. _b: ilus. ; gráfs. |
||
| 500 | _aTrad. de la 5 ed. en inglés de 1973 | ||
| 590 |
_aBATCH-UPD _b10 _c20130110 _lUCH01 _h0947 |
||
| 590 |
_aBATCH-UPD _b10 _c20130410 _lUCH01 _h0602 |
||
| 590 |
_aBATCH-UPD _b10 _c20130914 _lUCH01 _h2017 |
||
| 590 |
_aCONVERSION _b10 _c20130109 _lUCH01 _h1314 |
||
| 650 | 1 | 4 |
_aSociología. _9108197 |
| 700 | 0 |
_aSelznick, Philip. _9103833 |
|
| 901 | _aBK | ||
| 942 | _cLIBRO | ||
| 949 |
_a301 B7Y 1973 _bBC _cLIBRO _d33724000850764 _eLIBRO _h50675 _i29934 _si |
||
| 999 |
_c24862 _d24862 |
||